00738nam a2200121Ia 4500008004100000020001800041100008800059245017800147260002700325650001400352650020500366856004500571171212s9999 xx 000 0 und d a9780833076724 aBurger, Nicholas;Clancy, Noreen;Rana, Yashodhara;Rudavsky, Rena;Curtright, Aimee E. cBurger, Nicholas;Clancy, Noreen;Rana, Yashodhara;Rudavsky, Rena;Curtright, Aimee E.aOutcome Evaluation of U.S. Department of State Support for the Global Methane Initiative bRAND Corporationc2013 aChemistry aGreenhouse gas mitigation -- Government policy -- United States; Greenhouse gas mitigation -- United States -- Evaluation; Methane -- Environmental aspects; United States. Dept. of State -- Evaluation uwww.jstor.org/stable/10.7249/j.ctt3fh1nq